000 00751cab a22001935a 4500
001 L155713
008 120410e2012 xxk 000 0 eng d
035 _a(Sirsi) u155713
041 0 _aeng
110 2 _aEuroProperty
_91216
245 0 0 _aRents, fund raising, swaps
260 _c2012
490 0 _aEuroProperty
_v2 April 2012, 23(1)
520 _aBanks take up the European Central Bank's long-term refinancing operation cash, pushing medium-term swap rates up. Tables cover prime European rents/yields, Q4 2011, and EuroProperty's capital raising update. Graph of swap rates and projected Euribor interest rate shows two-year rates falling slightly.
590 _aKA
651 4 _aEurope
690 _aCommercial property
_96227
942 _n0
999 _c83903
_d83903